Hulk Movies - Statistics

General Stats
  • This quiz has been taken 60 times
    54 since last reset
  • The average score is 7 of 10
Answer Stats
Year Movie % Correct
2003 Hulk
100%
2008 The Incredible Hulk
100%
2012 The Avengers
97%
2015 Avengers: Age of Ultron
90%
2019 Avengers Endgame
87%
2018 Avengers: Infinity War
87%
2017 Thor: Ragnarok
67%
2013 Iron Man 3
46%
2019 Captain Marvel
31%
2021 Shang-Chi and the Legend of the Ten Rings
23%
No matching quizzes found
Score Distribution
Percent of People with Each Score
Percentile by Number Answered
Your Score History
You have not taken this quiz since the last reset